Big 4 Sports Random Quiz - Statistics

General Stats
  • This quiz has been taken 291 times
  • The average score is 18 of 32
Answer Stats
League/Division Answer Last Year Champion % Correct
NFL/AFC North Baltimore Ravens 2013
95%
NFL/AFC West Kansas City Chiefs 2024
82%
MLB/NL East Philadelphia Phillies 2008
82%
NFL/NFC South Atlanta Falcons Never
81%
NFL/NFC North Green Bay Packers 2011
79%
NFL/NFC West Seattle Seahawks 2014
79%
NFL/NFC South Carolina Panthers Never
76%
NFL/NFC West Los Angeles Rams 2022
76%
NFL/AFC West Denver Broncos 2016
74%
NBA/Southeast Miami Heat 2013
73%
MLB/NL East Washington Nationals 2019
73%
NBA/Northwest Denver Nuggets 2023
72%
NFL/NFC South New Orleans Saints 2010
72%
NFL/NFC West Arizona Cardinals Never
71%
NFL/NFC North Detroit Lions Never
71%
NFL/AFC South Houston Texans Never
71%
NFL/AFC South Indianapolis Colts 2007
71%
NFL/AFC East New England Patriots 2019
71%
MLB/AL West Texas Rangers 2023
70%
MLB/NL East Atlanta Braves 2021
69%
NFL/AFC East Miami Dolphins 1974
69%
NFL/AFC East New York Jets 1969
69%
NFL/AFC North Cincinnati Bengals Never
68%
NBA/Central Milwaukee Bucks 2021
68%
NFL/NFC East Philadelphia Eagles 2025
68%
NFL/NFC West San Francisco 49ers 1995
68%
MLB/NL West San Francisco Giants 2014
68%
NFL/AFC East Buffalo Bills Never
67%
MLB/AL West Los Angeles Angels 2002
67%
NFL/AFC West Los Angeles Chargers Never
67%
MLB/AL East New York Yankees 2009
67%
NFL/NFC East Dallas Cowboys 1996
66%
MLB/AL Central Detroit Tigers 1984
66%
NFL/AFC West Las Vegas Raiders 1984
65%
NBA/Southwest San Antonio Spurs 2014
65%
NFL/NFC North Chicago Bears 1986
64%
NHL/Central Chicago Blackhawks 2015
64%
MLB/NL Central Cincinnati Reds 1990
64%
MLB/NL West Los Angeles Dodgers 2024
64%
MLB/AL East Boston Red Sox 2018
63%
MLB/NL West San Diego Padres Never
63%
MLB/AL East Toronto Blue Jays 1993
63%
NHL/Atlantic Boston Bruins 2011
62%
NFL/NFC South Tampa Bay Buccaneers 2021
62%
NBA/Pacific Golden State Warriors 2022
61%
NFL/AFC South Jacksonville Jaguars Never
61%
MLB/AL West Houston Astros 2022
59%
NBA/Central Indiana Pacers Never
59%
NBA/Pacific Phoenix Suns Never
59%
NBA/Northwest Utah Jazz Never
59%
NFL/AFC North Cleveland Browns Never
58%
NBA/Central Cleveland Cavaliers 2016
57%
NFL/NFC East New York Giants 2012
57%
NBA/Northwest Portland Trail Blazers 1977
57%
NBA/Atlantic Toronto Raptors 2019
57%
NBA/Central Chicago Bulls 1998
56%
NBA/Central Detroit Pistons 2004
56%
NBA/Pacific Los Angeles Lakers 2020
56%
MLB/NL East New York Mets 1986
56%
NFL/AFC South Tennessee Titans Never
56%
MLB/AL East Baltimore Orioles 1983
55%
NBA/Atlantic New York Knicks 1973
55%
NBA/Southeast Orlando Magic Never
55%
NFL/AFC North Pittsburgh Steelers 2009
55%
NBA/Pacific Sacramento Kings 1951
55%
MLB/NL West Colorado Rockies Never
54%
NHL/Metropolitan New York Rangers 1994
54%
NHL/Atlantic Tampa Bay Lightning 2021
54%
NBA/Southeast Atlanta Hawks 1958
53%
MLB/AL Central Kansas City Royals 2015
53%
NHL/Atlantic Toronto Maple Leafs 1967
53%
MLB/NL West Arizona Diamondbacks 2001
52%
NBA/Southwest Dallas Mavericks 2011
52%
NBA/Northwest Oklahoma City Thunder 2025
52%
NBA/Atlantic Philadelphia 76ers 1983
52%
NHL/Pacific San Jose Sharks Never
52%
MLB/NL Central St. Louis Cardinals 2011
52%
NFL/NFC East Washington Commanders 1992
52%
NHL/Atlantic Florida Panthers 2025
51%
NHL/Pacific Anaheim Ducks 2007
50%
NHL/Central Colorado Avalanche 2022
50%
MLB/NL East Miami Marlins 2003
50%
NHL/Metropolitan Washington Capitals 2018
50%
MLB/NL Central Milwaukee Brewers Never
48%
NHL/Pacific Vancouver Canucks Never
48%
NFL/NFC North Minnesota Vikings Never
47%
MLB/AL West Oakland Athletics 1989
47%
NHL/Metropolitan Pittsburgh Penguins 2017
47%
NHL/Central St. Louis Blues 2019
47%
NBA/Atlantic Boston Celtics 2024
46%
MLB/NL Central Chicago Cubs 2016
46%
NHL/Pacific Seattle Kraken Never
46%
NBA/Atlantic Brooklyn Nets Never
45%
NHL/Metropolitan Columbus Blue Jackets Never
45%
NBA/Pacific Los Angeles Clippers Never
45%
NHL/Pacific Los Angeles Kings 2014
44%
NHL/Atlantic Ottawa Senators Never
44%
NHL/Metropolitan Philadelphia Flyers 1975
44%
MLB/NL Central Pittsburgh Pirates 1979
44%
NBA/Northwest Minnesota Timberwolves Never
43%
MLB/AL East Tampa Bay Rays Never
43%
MLB/AL Central Chicago White Sox 2005
42%
NBA/Southwest New Orleans Pelicans Never
42%
NHL/Central Winnipeg Jets Never
42%
NHL/Pacific Calgary Flames 1989
41%
NBA/Southeast Charlotte Hornets Never
41%
NHL/Pacific Vegas Golden Knights 2023
41%
MLB/AL Central Minnesota Twins 1991
40%
NHL/Atlantic Detroit Red Wings 2008
39%
NHL/Central Minnesota Wild Never
39%
MLB/AL West Seattle Mariners Never
39%
NHL/Atlantic Buffalo Sabres Never
38%
NHL/Central Dallas Stars 1999
38%
NHL/Atlantic Montreal Canadiens 1993
37%
NHL/Metropolitan Carolina Hurricanes 2006
36%
NBA/Southwest Houston Rockets 1995
36%
NHL/Central Arizona Coyotes Never
33%
MLB/AL Central Cleveland Guardians 1948
31%
NHL/Pacific Edmonton Oilers 1990
31%
NHL/Metropolitan New York Islanders 1983
31%
NHL/Central Nashville Predators Never
29%
NBA/Southeast Washington Wizards 1978
29%
NBA/Southwest Memphis Grizzlies Never
28%
NHL/Metropolitan New Jersey Devils 2003
22%
No matching quizzes found
Score Distribution
Percent of People with Each Score
Percentile by Number Answered
Your Score History
You have not taken this quiz